000
00258nam a22000977a 4500
999
_c
10962
_d
10962
008
180702b ||||| |||| 00| 0 eng d
020
_a
9788183332521
100
_a
Mellor, Chauncey J
_9
6764
245
_a
German Deluxe work Book
260
_a
USA
_b
Akash Press
_c
2008